[Event "World Amateur-ch U2300"]
[Site "Spoleto"]
[Date "2017.04.05"]
[Round "6"]
[White "Sie, Thu"]
[Black "Quinzio, Martin Javier"]
[Result "1-0"]
[WhiteElo "2144"]
[BlackElo "2013"]
[PlyCount "109"]
[EventDate "2017.04.01"]
[EventType "swiss"]
[EventRounds "9"]
[EventCountry "ITA"]
[SourceTitle "CBM 177 Extra"]
[Source "ChessBase"]
[SourceDate "2017.04.27"]
[SourceVersion "1"]
[SourceVersionDate "2017.04.27"]
[SourceQuality "1"]

1. e4 e5 2. Nf3 Nf6 3. Nxe5 d6 4. Nf3 Nxe4 5. Nc3 Nf6 6. d4 d5 7. Bf4 Bf5 8. Nh4 Bg6 9. Nxg6 hxg6 10. Bd3 Nc6 11. 0-0 Bd6 12. Re1+ Ne7 13. Be5 c6 14. Qf3 Qc7 15. b4 Bxe5 16. dxe5 Nd7 17. Qg3 Nf8 18. Na4 b6 19. e6 Nxe6 20. Rxe6 Qxg3 21. Rxe7+ Kxe7 22. hxg3 Kd6 23. Rd1 Kc7 24. f3 b5 25. Nc5 a5 26. a3 axb4 27. axb4 Ra2 28. Kf2 Rb2 29. Ra1 Kd6 30. Nb3 Rc8 31. Ke3 Rh8 32. Kd4 Rh2 33. Kc3 Rxb3+ 34. Kxb3 Rxg2 35. g4 Rf2 36. Rf1 Rg2 37. Kc3 g5 38. Kd4 Rh2 39. Ra1 Rh3 40. Ra7 Rxf3 41. Bf5 Rf4+ 42. Kc3 g6 43. Bc8 f5 44. Rg7 Rc4+ 45. Kb3 Rxg4 46. Rxg6+ Ke5 47. Rxc6 Rc4 48. Re6+ Kf4 49. Ba6 Rc7 50. Bxb5 g4 51. Bc6 Kg3 52. b5 f4 53. b6 Rc8 54. b7 Rb8 55. Re8 1-0

[Event "World Amateur-ch U2300"]
[Site "Spoleto"]
[Date "2017.04.03"]
[Round "4"]
[White "Sie, Thu"]
[Black "Ehab, Mohamed"]
[Result "1-0"]
[WhiteElo "2144"]
[BlackElo "2024"]
[PlyCount "108"]
[EventDate "2017.04.01"]
[EventType "swiss"]
[EventRounds "9"]
[EventCountry "ITA"]
[SourceTitle "CBM 177 Extra"]
[Source "ChessBase"]
[SourceDate "2017.04.27"]
[SourceVersion "1"]
[SourceVersionDate "2017.04.27"]
[SourceQuality "1"]

1. e4 e6 2. d4 d5 3. Nc3 Nf6 4. Bg5 Be7 5. e5 Nfd7 6. Bxe7 Qxe7 7. f4 a6 8. Nf3 c5 9. dxc5 Nxc5 10. Bd3 Nc6 11. Qd2 b5 12. 0-0-0 b4 13. Ne2 Bd7 14. Kb1 f6 15. exf6 Qxf6 16. Qe3 Nxd3 17. Rxd3 0-0 18. g3 Na5 19. b3 Bb5 20. Rd2 Rfc8 21. Re1 Nb7 22. Ned4 Nc5 23. Ng5 h6 24. Ndxe6 d4 25. Qe5 Re8 26. Qxc5 hxg5 27. f5 d3 28. cxd3 Rac8 29. Qe5 Rc3 30. Qxf6 gxf6 31. Red1 Bc6 32. Rc1 Rxc1+ 33. Kxc1 Bd7 34. Re2 Kf7 35. Kd2 g4 36. Re4 Rh8 37. Rxg4 Rxh2+ 38. Ke3 a5 39. Rg7+ Ke8 40. g4 Bxe6 41. fxe6 Rxa2 42. d4 a4 43. bxa4 b3 44. Rb7 Rxa4 45. Rxb3 Ke7 46. Rb6 Ra1 47. Ke4 Rg1 48. Kd5 Rxg4 49. Rb7+ Ke8 50. Kc5 f5 51. d5 Re4 52. Kd6 Kf8 53. Rf7+ Ke8 54. Rxf5 Ra4 1-0

[Event "Olympiad-42"]
[Site "Baku"]
[Date "2016.09.02"]
[Round "1.3"]
[White "Gelashvili, Tamaz"]
[Black "Sie, Thu"]
[Result "1-0"]
[WhiteElo "2575"]
[BlackElo "2148"]
[PlyCount "91"]
[EventDate "2016.09.02"]
[EventType "team-swiss"]
[EventRounds "11"]
[EventCountry "AZE"]
[SourceTitle "CBM 175"]
[Source "ChessBase"]
[SourceDate "2016.11.10"]
[SourceVersion "1"]
[SourceVersionDate "2016.11.10"]
[SourceQuality "1"]
[WhiteTeam "Georgia"]
[BlackTeam "Myanmar"]
[WhiteTeamCountry "GEO"]
[BlackTeamCountry "MYA"]

1. e4 c5 2. b3 Nc6 3. Bb2 d6 4. Bb5 a6 5. Bxc6+ bxc6 6. f4 e5 7. Nf3 exf4 8. 0-0 Bg4 9. Qe1 Nh6 10. h3 Bxf3 11. Rxf3 Qg5 12. Qf2 Be7 13. Rxf4 0-0 14. Rf3 Qh5 15. g4 Qg6 16. d3 d5 17. Nd2 Bg5 18. Rf1 Rad8 19. e5 Rfe8 20. Kh1 Qe6 21. Rg1 Bxd2 22. Qxd2 d4 23. Qf4 Kh8 24. g5 Ng8 25. Qxf7 Qxe5 26. Qf5 Qe2 27. Rf2 Qe3 28. Bc1 Qe7 29. Rgf1 Rd5 30. Qg4 Re5 31. Bf4 Re1 32. Rxe1 Qxe1+ 33. Kg2 Re6 34. Rf1 Qe2+ 35. Qxe2 Rxe2+ 36. Rf2 Re6 37. Kf3 Ne7 38. Re2 Rxe2 39. Kxe2 Nc8 40. Kf3 Kg8 41. Ke4 Kf7 42. b4 cxb4 43. Kxd4 Ke6 44. Kc5 Ne7 45. Bd2 a5 46. c3 1-0

[Event "MYA-ch 42nd"]
[Site "Yangon"]
[Date "2016.06.27"]
[Round "?"]
[White "Saw, Win Aung"]
[Black "Sie, Thu"]
[Result "1-0"]
[WhiteElo "2184"]
[BlackElo "2217"]
[PlyCount "99"]
[EventDate "2016.06.20"]
[EventType "tourn"]
[EventRounds "15"]
[EventCountry "MYA"]
[SourceTitle "EXT 2018"]
[Source "ChessBase"]
[SourceDate "2017.10.13"]
[SourceVersion "1"]
[SourceVersionDate "2017.10.13"]
[SourceQuality "1"]

1. c4 Nf6 2. Nc3 g6 3. g3 Bg7 4. Bg2 0-0 5. Nf3 d6 6. d4 Nbd7 7. 0-0 e5 8. dxe5 dxe5 9. e4 c6 10. Qc2 Qc7 11. b3 Re8 12. Rd1 Nc5 13. Ba3 Bf8 14. Bb2 a5 15. Rab1 Bg4 16. h3 Bxf3 17. Bxf3 Ne6 18. Ne2 Bc5 19. Bg2 h5 20. Kh1 Nh7 21. Rf1 Rad8 22. f4 Nd4 23. Nxd4 Bxd4 24. Bc1 h4 25. gxh4 Nf6 26. f5 Nh5 27. Kh2 Nf4 28. fxg6 fxg6 29. Bxf4 exf4 30. Kh1 Qe5 31. Qe2 Rf8 32. Qg4 Kh7 33. Rbd1 c5 34. Bf3 Rd6 35. Rd2 Qe6 36. Rfd1 Qxg4 37. hxg4 Rfd8 38. g5 Kg7 39. Kg2 Be5 40. Rxd6 Rxd6 41. Rd5 Rxd5 42. cxd5 b5 43. Be2 b4 44. Kf3 Kf7 45. Kg4 Bd6 46. h5 gxh5+ 47. Kxh5 f3 48. Bc4 f2 49. g6+ Kg7 50. Kg5 1-0

[Event "MYA-ch 42nd"]
[Site "Yangon"]
[Date "2016.06.27"]
[Round "?"]
[White "Sie, Thu"]
[Black "Than, Min Hlaing"]
[Result "0-1"]
[WhiteElo "2217"]
[BlackElo "2115"]
[PlyCount "98"]
[EventDate "2016.06.20"]
[EventType "tourn"]
[EventRounds "15"]
[EventCountry "MYA"]
[SourceTitle "EXT 2018"]
[Source "ChessBase"]
[SourceDate "2017.10.13"]
[SourceVersion "1"]
[SourceVersionDate "2017.10.13"]
[SourceQuality "1"]

1. e4 d6 2. d4 c6 3. Nf3 Qc7 4. h3 e5 5. Nc3 Be7 6. Be3 Nf6 7. g4 h6 8. g5 hxg5 9. Nxg5 b5 10. Qf3 a6 11. Rg1 Nbd7 12. Qg2 Rf8 13. f4 exd4 14. Bxd4 Bb7 15. 0-0-0 0-0-0 16. Qe2 c5 17. Bf2 Nb6 18. Bg2 Nfd7 19. h4 Bf6 20. e5 dxe5 21. Bxb7+ Kxb7 22. Nce4 exf4 23. Nxf7 Bxb2+ 24. Kb1 Be5 25. Ned6+ Bxd6 26. Nxd6+ Kb8 27. Rxg7 Qc6 28. Qe4 Qxe4 29. Nxe4 Rfe8 30. Bxc5 Na4 31. Bd6+ Kc8 32. Be7 Rg8 33. Rdg1 Rxg7 34. Rxg7 Rh8 35. Nd6+ Kc7 36. Kc1 Rh6 37. Nf5 Re6 38. Kd2 Nab6 39. Nd4 Nc4+ 40. Kd1 Re4 41. c3 Ne3+ 42. Kc1 Nd5 43. Bg5 Nxc3 44. Bxf4+ Kc8 45. Nxb5 axb5 46. Bg5 Nxa2+ 47. Kb2 Re2+ 48. Kb3 Nc5+ 49. Ka3 b4# 0-1

[Event "MYA-ch 42nd"]
[Site "Yangon"]
[Date "2016.06.20"]
[Round "?"]
[White "Sie, Thu"]
[Black "Myint, Han"]
[Result "0-1"]
[WhiteElo "2217"]
[BlackElo "2239"]
[PlyCount "59"]
[EventDate "2016.06.20"]
[EventType "tourn"]
[EventRounds "15"]
[EventCountry "MYA"]
[SourceTitle "EXT 2018"]
[Source "ChessBase"]
[SourceDate "2017.10.13"]
[SourceVersion "1"]
[SourceVersionDate "2017.10.13"]
[SourceQuality "1"]

1. e4 c5 2. Nc3 g6 3. f4 Bg7 4. Nf3 Nc6 5. Bb5 Nd4 6. 0-0 a6 7. Bc4 e6 8. d3 Ne7 9. Nxd4 cxd4 10. Ne2 d5 11. Bb3 dxe4 12. dxe4 Nc6 13. e5 h5 14. Qd3 Bf8 15. Bd2 h4 16. h3 Bc5 17. Kh1 Bd7 18. c3 Qb6 19. Rac1 Rd8 20. Rfd1 0-0 21. Be1 dxc3 22. Nxc3 Ne7 23. Ne4 Bc6 24. Nf6+ Kg7 25. Qe2 Nf5 26. Qg4 Bf2 27. Nh5+ Kh8 28. Bc2 Qe3 29. Bxf5 exf5 30. Qg5 0-1

[Event "Ho Chi Minh City HD Bank op-A 6th"]
[Site "Ho Chi Minh City"]
[Date "2016.03.12"]
[Round "7"]
[White "Sie, Thu"]
[Black "Tran, Le Dan Thuy"]
[Result "1/2-1/2"]
[WhiteElo "2217"]
[BlackElo "2044"]
[PlyCount "116"]
[EventDate "2016.03.08"]
[EventType "swiss"]
[EventRounds "9"]
[EventCountry "VIE"]
[SourceTitle "CBM 171 Extra"]
[Source "ChessBase"]
[SourceDate "2016.04.26"]
[SourceVersion "1"]
[SourceVersionDate "2016.04.26"]
[SourceQuality "1"]

1. Nf3 d5 2. e3 Nf6 3. b3 g6 4. Bb2 Bg7 5. c4 e6 6. d4 c6 7. Bd3 Ne4 8. 0-0 0-0 9. Ne1 f5 10. f3 Nf6 11. Nd2 Nh5 12. Nc2 Nd7 13. Qe2 Re8 14. f4 Ndf6 15. Nf3 Ng4 16. Qe1 Nhf6 17. h3 Nh6 18. Ne5 Nf7 19. Ba3 Nd6 20. Bxd6 Qxd6 21. c5 Qe7 22. b4 Nd7 23. Qc3 Nxe5 24. dxe5 Bd7 25. Nd4 Rec8 26. Rfc1 Bf8 27. a4 Qh4 28. Qd2 Be7 29. Ra2 Kf7 30. a5 a6 31. Kh2 Rg8 32. g3 Qh6 33. Rh1 g5 34. Qf2 Rg7 35. Raa1 Rag8 36. Rag1 Ke8 37. Ne2 Kd8 38. Kg2 gxf4 39. exf4 Qh5 40. Kf1 Kc7 41. g4 Qh4 42. Qxh4 Bxh4 43. gxf5 exf5 44. Rxg7 Rxg7 45. Rg1 Rxg1+ 46. Nxg1 Be6 47. Nf3 Bg3 48. Nd4 Kd7 49. Ne2 Bh4 50. Bb1 Ke7 51. Nd4 Bg3 52. Bxf5 Bxf4 53. Nxe6 Bxe5 54. Ng5 Kf6 55. Bc8 Kxg5 56. Bxb7 Bc3 57. Bxc6 Bxb4 58. Bxd5 Bxc5 1/2-1/2

[Event "Ho Chi Minh City HD Bank op-A 6th"]
[Site "Ho Chi Minh City"]
[Date "2016.03.11"]
[Round "6"]
[White "Sivakumar, Ashvin"]
[Black "Sie, Thu"]
[Result "1/2-1/2"]
[WhiteElo "2141"]
[BlackElo "2217"]
[PlyCount "105"]
[EventDate "2016.03.08"]
[EventType "swiss"]
[EventRounds "9"]
[EventCountry "VIE"]
[SourceTitle "CBM 171 Extra"]
[Source "ChessBase"]
[SourceDate "2016.04.26"]
[SourceVersion "1"]
[SourceVersionDate "2016.04.26"]
[SourceQuality "1"]

1. d4 Nf6 2. Nf3 e6 3. Bg5 Be7 4. e3 h6 5. Bh4 c5 6. c3 cxd4 7. exd4 b6 8. Bd3 Bb7 9. Nbd2 d6 10. 0-0 Nbd7 11. Re1 g5 12. Bg3 Nh5 13. Be4 d5 14. Bd3 Nxg3 15. hxg3 0-0 16. Bb5 Bd6 17. Bxd7 Qxd7 18. Ne5 Qe8 19. Qe2 Kg7 20. Nef3 Qe7 21. Qd3 f6 22. Re3 Qf7 23. Qe2 Rae8 24. Re1 Bc8 25. b3 Re7 26. Nf1 Rfe8 27. Qb5 e5 28. c4 exd4 29. Rxe7 Rxe7 30. Rxe7 Bxe7 31. cxd5 Bb7 32. Nxd4 Qxd5 33. Nf5+ Kf8 34. Qxd5 Bxd5 35. N1e3 Be4 36. Nxe7 Kxe7 37. Kf1 h5 38. Ke2 Kd6 39. Kd2 f5 40. f3 Bb1 41. Kc1 Bd3 42. Kd2 Bb1 43. Kc1 Bxa2 44. Kb2 Bxb3 45. Kxb3 Ke5 46. Kc3 b5 47. Kb4 a6 48. Ka5 f4 49. gxf4+ Kxf4 50. Nf1 h4 51. Kb4 h3 52. gxh3 Kxf3 53. Nd2+ 1/2-1/2

[Event "Ho Chi Minh City HD Bank op-A 6th"]
[Site "Ho Chi Minh City"]
[Date "2016.03.08"]
[Round "2"]
[White "Dang, Hoang Son"]
[Black "Sie, Thu"]
[Result "1-0"]
[WhiteElo "2309"]
[BlackElo "2217"]
[PlyCount "85"]
[EventDate "2016.03.08"]
[EventType "swiss"]
[EventRounds "9"]
[EventCountry "VIE"]
[SourceTitle "CBM 171 Extra"]
[Source "ChessBase"]
[SourceDate "2016.04.26"]
[SourceVersion "1"]
[SourceVersionDate "2016.04.26"]
[SourceQuality "1"]

1. g3 e5 2. Bg2 d5 3. d3 Nf6 4. Nf3 Bd6 5. 0-0 0-0 6. c4 c6 7. a3 a5 8. b3 Na6 9. Bb2 Re8 10. Nc3 d4 11. Nb1 Bf5 12. Nbd2 Qd7 13. Re1 Bh3 14. Bh1 Qf5 15. Nh4 Qh5 16. Bf3 Ng4 17. Nf1 Nc5 18. Bg2 Bxg2 19. Nxg2 Ne6 20. Bc1 f5 21. f3 Nf6 22. e4 fxe4 23. dxe4 Rf8 24. h4 Nd7 25. g4 Qf7 26. Nh2 Nec5 27. Be3 a4 28. b4 Nb3 29. c5 Nxa1 30. cxd6 Nb3 31. Bg5 Qc4 32. f4 d3 33. Ne3 Qxe4 34. Nf5 Qc4 35. fxe5 Rae8 36. Ne7+ Kh8 37. e6 Qd4+ 38. Re3 Qxd6 39. exd7 Qxd7 40. Qxd3 Qc7 41. Nf1 c5 42. h5 c4 43. Qc3 1-0

[Event "Ho Chi Minh City HD Bank op-A 6th"]
[Site "Ho Chi Minh City"]
[Date "2016.03.08"]
[Round "1"]
[White "Sie, Thu"]
[Black "Nguyen, Anh Khoi"]
[Result "0-1"]
[WhiteElo "2217"]
[BlackElo "2412"]
[PlyCount "76"]
[EventDate "2016.03.08"]
[EventType "swiss"]
[EventRounds "9"]
[EventCountry "VIE"]
[SourceTitle "CBM 171 Extra"]
[Source "ChessBase"]
[SourceDate "2016.04.26"]
[SourceVersion "1"]
[SourceVersionDate "2016.04.26"]
[SourceQuality "1"]

1. Nf3 Nf6 2. b3 g6 3. Bb2 d5 4. e3 Bg7 5. Be2 0-0 6. d3 c5 7. c4 d4 8. exd4 Nh5 9. Ne5 cxd4 10. Bxh5 Bxe5 11. Bf3 Qc7 12. h3 Bf5 13. b4 a5 14. b5 Nd7 15. Bg4 Bxg4 16. hxg4 f5 17. Nd2 Nc5 18. Rh3 Qd7 19. gxf5 Rxf5 20. Qe2 Raf8 21. f3 Ne6 22. Rh1 Nf4 23. Qf1 Nh5 24. Ne4 Ng3 25. Nxg3 Bxg3+ 26. Kd2 Re5 27. Rh3 Bf4+ 28. Kc2 Qe6 29. Rd1 Re2+ 30. Kb1 Rf5 31. g3 Rfe5 32. gxf4 Re1 33. fxe5 Rxf1 34. Rxf1 Qxh3 35. Rf2 Qf5 36. a4 Qxd3+ 37. Rc2 Qb3 38. c5 d3 0-1

[Event "Yangon Zaw Win Lay Memorial"]
[Site "Yangon"]
[Date "2014.11.29"]
[Round "9"]
[White "Sie, Thu"]
[Black "Chit, Ko Ko A"]
[Result "1-0"]
[WhiteElo "2244"]
[BlackElo "2174"]
[PlyCount "67"]
[EventDate "2014.11.24"]
[EventType "swiss"]
[EventRounds "9"]
[EventCountry "MYA"]
[SourceTitle "EXT 2016"]
[Source "ChessBase"]
[SourceDate "2015.10.08"]
[SourceVersion "1"]
[SourceVersionDate "2015.10.08"]
[SourceQuality "1"]

1. e4 c5 2. Nc3 e6 3. g3 Nc6 4. Bg2 Nf6 5. Nge2 d5 6. 0-0 d4 7. Nb1 h5 8. d3 h4 9. f4 hxg3 10. Nxg3 g6 11. Nd2 e5 12. f5 Bh6 13. Nb3 Bxc1 14. Rxc1 Nh5 15. Nxh5 Rxh5 16. fxg6 fxg6 17. Qf3 Qe7 18. Nxc5 Qxc5 19. Qf7+ Kd8 20. Qxg6 Rh4 21. Qg5+ Qe7 22. Qg8+ Kc7 23. Rf7 Rg4 24. Rxe7+ Nxe7 25. Qf7 Kd6 26. Rf1 Rg6 27. Rf6+ Rxf6 28. Qxf6+ Be6 29. h4 Rg8 30. h5 Rg4 31. c3 dxc3 32. bxc3 Rf4 33. Qh8 Ng8 34. h6 1-0

[Event "Yangon Zaw Win Lay Memorial"]
[Site "Yangon"]
[Date "2014.11.28"]
[Round "8"]
[White "Sie, Thu"]
[Black "Zaw, Win"]
[Result "1-0"]
[WhiteElo "2244"]
[BlackElo "1940"]
[PlyCount "81"]
[EventDate "2014.11.24"]
[EventType "swiss"]
[EventRounds "9"]
[EventCountry "MYA"]
[SourceTitle "EXT 2016"]
[Source "ChessBase"]
[SourceDate "2015.10.08"]
[SourceVersion "1"]
[SourceVersionDate "2015.10.08"]
[SourceQuality "1"]

1. Nf3 d5 2. g3 c5 3. Bg2 Nc6 4. d3 e5 5. Nbd2 Nf6 6. 0-0 Be7 7. e4 d4 8. Nc4 Qc7 9. a4 b6 10. Nh4 Bg4 11. f3 Be6 12. f4 Bxc4 13. dxc4 g6 14. Nf3 Nd7 15. Ne1 f6 16. Nd3 Nb4 17. Bh3 Nxd3 18. cxd3 Qd6 19. Qg4 a5 20. Bd2 Kd8 21. Rf2 Kc7 22. Raf1 Raf8 23. Qxd7+ Qxd7 24. Bxd7 Kxd7 25. fxe5 fxe5 26. Bh6 Rxf2 27. Rxf2 Ke6 28. h4 Bf6 29. Kg2 Re8 30. Rf1 Rg8 31. Kh3 Rc8 32. Kg4 Rg8 33. Rf2 Rc8 34. Rh2 Rg8 35. Rh1 Bg7 36. Bxg7 Rxg7 37. Kg5 Rf7 38. Kh6 Rf3 39. g4 Rxd3 40. Kxh7 Re3 41. g5 1-0

[Event "Yangon Zaw Win Lay Memorial"]
[Site "Yangon"]
[Date "2014.11.26"]
[Round "5"]
[White "Nay, Lin Tun"]
[Black "Sie, Thu"]
[Result "1/2-1/2"]
[WhiteElo "1947"]
[BlackElo "2244"]
[PlyCount "86"]
[EventDate "2014.11.24"]
[EventType "swiss"]
[EventRounds "9"]
[EventCountry "MYA"]
[SourceTitle "EXT 2016"]
[Source "ChessBase"]
[SourceDate "2015.10.08"]
[SourceVersion "1"]
[SourceVersionDate "2015.10.08"]
[SourceQuality "1"]

1. e4 c6 2. Nf3 d5 3. Nc3 dxe4 4. Nxe4 Bg4 5. Be2 e6 6. d3 Nd7 7. Bf4 Ndf6 8. Ng3 Nd5 9. Qd2 Qb6 10. 0-0 Qb4 11. c4 Qxd2 12. Bxd2 Nc7 13. h3 Bxf3 14. Bxf3 0-0-0 15. Be2 Bc5 16. b4 Bd4 17. Rab1 Ne7 18. Be3 e5 19. b5 f5 20. Bg5 f4 21. Bxe7 fxg3 22. Bxd8 Kxd8 23. bxc6 b6 24. Bg4 Na6 25. Kh1 gxf2 26. a4 Nc5 27. a5 Nxd3 28. axb6 axb6 29. Rfd1 Rf8 30. Bf3 Nf4 31. Ra1 Kc7 32. Ra7+ Kd6 33. Rd7+ Kc5 34. c7 Ne6 35. Rc1 e4 36. Rd5+ Kc6 37. c8Q+ Rxc8 38. Bxe4 Kc7 39. Bf5 Rf8 40. Kh2 Be3 41. Ra1 Nf4 42. Ra7+ Kb8 43. Rdd7 f1N+ 1/2-1/2

[Event "ASEAN-ch"]
[Site "Yangon"]
[Date "2012.10.25"]
[Round "6"]
[White "Paciencia, Enrique Rivas"]
[Black "Sie, Thu"]
[Result "1-0"]
[WhiteElo "2402"]
[BlackElo "2258"]
[PlyCount "81"]
[EventDate "2012.10.23"]
[EventType "tourn"]
[EventRounds "9"]
[EventCountry "MYA"]
[EventCategory "3"]
[SourceTitle "EXT 2013"]
[Source "ChessBase"]
[SourceDate "2012.11.22"]
[SourceVersion "1"]
[SourceVersionDate "2012.11.22"]
[SourceQuality "1"]

1. d4 Nf6 2. Nf3 e6 3. c4 b6 4. a3 Ba6 5. Qc2 c5 6. e4 cxd4 7. Nxd4 Qc7 8. Nc3 Nc6 9. Ndb5 Qb7 10. Bd3 Bxb5 11. Nxb5 a6 12. Nc3 Ne5 13. Be2 Rc8 14. b3 b5 15. cxb5 axb5 16. 0-0 Qc6 17. Bb2 b4 18. axb4 Bxb4 19. Rfc1 0-0 20. Qb1 Qb6 21. Nb5 Rxc1+ 22. Qxc1 Neg4 23. Bd4 Qb8 24. g3 Nxe4 25. Qc4 Ngxf2 26. Qxb4 Nxg3 27. Bf3 Nh3+ 28. Kg2 Nf4+ 29. Kxg3 Nd3+ 30. Qd6 Qxb5 31. Be3 f5 32. Be2 Qe5+ 33. Qxe5 Nxe5 34. Ra7 Rb8 35. Bd1 Rb4 36. Ra4 Rb7 37. Bd4 Nc6 38. Bc5 Rb5 39. b4 d5 40. Ra8+ Kf7 41. Ba4 1-0

[Event "ASEAN-ch"]
[Site "Yangon"]
[Date "2012.10.23"]
[Round "1"]
[White "Sie, Thu"]
[Black "Myo, Naing"]
[Result "1/2-1/2"]
[WhiteElo "2258"]
[BlackElo "2293"]
[PlyCount "52"]
[EventDate "2012.10.23"]
[EventType "tourn"]
[EventRounds "9"]
[EventCountry "MYA"]
[EventCategory "3"]
[SourceTitle "EXT 2013"]
[Source "ChessBase"]
[SourceDate "2012.11.22"]
[SourceVersion "1"]
[SourceVersionDate "2012.11.22"]
[SourceQuality "1"]

1. e4 c5 2. Nc3 Nc6 3. g3 g6 4. Bg2 Bg7 5. Nge2 d6 6. d3 Rb8 7. 0-0 b5 8. Nf4 b4 9. Ncd5 e6 10. Ne3 Nge7 11. a3 a5 12. Re1 0-0 13. axb4 axb4 14. h4 e5 15. Nfd5 Nxd5 16. Nxd5 Ne7 17. Bg5 f6 18. Nxe7+ Qxe7 19. Bd2 Be6 20. h5 Qd7 21. hxg6 hxg6 22. Qe2 Ra8 23. b3 Qb7 24. Qf1 Rxa1 25. Rxa1 Ra8 26. Kh2 Bf8 1/2-1/2

[Event "Asia Cities-ch 17th"]
[Site "Jakarta"]
[Date "2011.04.27"]
[Round "7.6"]
[White "Suhail, Abdurahim"]
[Black "Sie, Thu"]
[Result "0-1"]
[WhiteElo "2242"]
[BlackElo "2237"]
[PlyCount "150"]
[EventDate "2011.04.22"]
[EventType "team-swiss"]
[EventRounds "9"]
[EventCountry "INA"]
[SourceTitle "CBM 142 Extra"]
[Source "ChessBase"]
[SourceDate "2011.06.27"]
[SourceVersion "1"]
[SourceVersionDate "2011.06.27"]
[SourceQuality "1"]
[WhiteTeam "Dubai"]
[BlackTeam "Yangon"]
[WhiteTeamCountry "UAE"]
[BlackTeamCountry "MYA"]

1. Nc3 d5 2. e4 dxe4 3. Nxe4 Bf5 4. Ng3 Bg6 5. Nf3 e6 6. d4 Nf6 7. Bd3 c5 8. 0-0 Nc6 9. c3 cxd4 10. cxd4 Bxd3 11. Qxd3 Be7 12. Qb3 Qb6 13. Qxb6 axb6 14. Be3 0-0 15. Ne5 Nd5 16. Nxc6 bxc6 17. Rfc1 Rfc8 18. Ne4 Kf8 19. a3 Ke8 20. Rc2 Kd7 21. Rac1 f5 22. Nc3 Ra5 23. Kf1 Bf6 24. Ke2 Nxc3+ 25. Rxc3 Rd5 26. Rb3 Kc7 27. Rc4 g5 28. g3 Rcd8 29. Ra4 Kb7 30. Rab4 b5 31. a4 Be7 32. Rc4 Kb6 33. Rc2 h6 34. axb5 cxb5 35. Rbc3 R8d6 36. Rc7 Bf6 37. Rh7 Bxd4 38. Bxd4+ Rxd4 39. Rxh6 Re4+ 40. Kf1 b4 41. Rh8 Rd1+ 42. Kg2 g4 43. Rb8+ Ka7 44. Rbc8 Ree1 45. f4 Rd3 46. b3 Rd6 47. R8c4 Rb6 48. Rd4 Re3 49. Rb2 Ka6 50. h4 Kb5 51. Rd8 Rb7 52. Rh8 Rd7 53. Rb8+ Kc5 54. Kh2 Rdd3 55. Rg2 Rxb3 56. h5 Rb1 57. Rc2+ Kd4 58. Rd8+ Ke4 59. Rdd2 b3 60. Rb2 Ra1 61. h6 Ra7 62. Kg2 Rh7 63. Re2 Rxe2+ 64. Rxe2+ Kd3 65. Rxe6 b2 66. Rd6+ Kc2 67. Rc6+ Kb1 68. Rg6 Kc2 69. Rc6+ Kd3 70. Rd6+ Kc2 71. Rc6+ Kb1 72. Rg6 Rc7 73. Rg7 Rc2+ 74. Kf1 Kc1 75. Rh7 b1Q 0-1

[Event "Vung Tau Dragon Capital op"]
[Site "Vung Tau"]
[Date "2008.08.29"]
[Round "5"]
[White "Sie, Thu"]
[Black "Hoang, Thi Nhu Y"]
[Result "1/2-1/2"]
[WhiteElo "2414"]
[BlackElo "2103"]
[PlyCount "60"]
[EventDate "2008.08.27"]
[EventType "swiss"]
[EventRounds "9"]
[EventCountry "VIE"]
[SourceTitle "CBM 126 Extra"]
[Source "ChessBase"]
[SourceDate "2008.11.05"]
[SourceVersion "1"]
[SourceVersionDate "2008.11.05"]
[SourceQuality "1"]

1. e4 d5 2. exd5 Qxd5 3. Nc3 Qa5 4. Nf3 Nf6 5. Bc4 Bg4 6. d4 e6 7. h3 Bxf3 8. Qxf3 c6 9. 0-0 Be7 10. Bb3 Nbd7 11. Bd2 0-0 12. Rad1 Qh5 13. Qxh5 Nxh5 14. Ne4 Nhf6 15. Ng3 c5 16. Be3 b5 17. c3 c4 18. Bc2 Nd5 19. Bd2 a5 20. Rfe1 Ra6 21. Nf1 a4 22. a3 f5 23. Re2 Kf7 24. Rde1 Bf6 25. Bc1 Rd6 26. g3 N7b6 27. Kg2 Rfd8 28. f4 g6 29. g4 Nd7 30. Kg3 h5 1/2-1/2

[Event "Vung Tau Dragon Capital op"]
[Site "Vung Tau"]
[Date "2008.08.28"]
[Round "3"]
[White "Sie, Thu"]
[Black "Le, Kieu Thien Kim"]
[Result "0-1"]
[WhiteElo "2414"]
[BlackElo "2286"]
[PlyCount "66"]
[EventDate "2008.08.27"]
[EventType "swiss"]
[EventRounds "9"]
[EventCountry "VIE"]
[SourceTitle "CBM 126 Extra"]
[Source "ChessBase"]
[SourceDate "2008.11.05"]
[SourceVersion "1"]
[SourceVersionDate "2008.11.05"]
[SourceQuality "1"]

1. e4 Nf6 2. Nc3 d5 3. exd5 Nxd5 4. Bc4 Nb6 5. Bb3 Nc6 6. Nf3 Bf5 7. a4 a5 8. d4 e6 9. Bf4 Bd6 10. Qd2 Bb4 11. 0-0 0-0 12. Bg5 Qd7 13. Qf4 h6 14. Bh4 g5 15. Bxg5 hxg5 16. Qxg5+ Bg6 17. Rfe1 Rfe8 18. Re4 Be7 19. Qg4 Kg7 20. Qg3 Qd6 21. Ne5 Nxe5 22. dxe5 Qd2 23. Rg4 Qh6 24. Ne4 Nd7 25. f4 Rh8 26. Rf1 Bh4 27. Qc3 Qh5 28. h3 Kf8 29. Qxc7 Bxe4 30. Qxd7 Bf5 31. Rxh4 Qxh4 32. Qxb7 Rd8 33. c4 Bxh3 0-1

[Event "Vung Tau Dragon Capital op"]
[Site "Vung Tau"]
[Date "2008.08.27"]
[Round "2"]
[White "Dang, Bich Ngoc"]
[Black "Sie, Thu"]
[Result "1-0"]
[WhiteElo "2194"]
[BlackElo "2414"]
[PlyCount "77"]
[EventDate "2008.08.27"]
[EventType "swiss"]
[EventRounds "9"]
[EventCountry "VIE"]
[SourceTitle "CBM 126 Extra"]
[Source "ChessBase"]
[SourceDate "2008.11.05"]
[SourceVersion "1"]
[SourceVersionDate "2008.11.05"]
[SourceQuality "1"]

1. c4 c6 2. e4 e5 3. Nf3 d6 4. d4 Qc7 5. Be2 Nf6 6. Nc3 Bg4 7. Be3 Nbd7 8. Nh4 Bxe2 9. Qxe2 g6 10. f4 Bg7 11. dxe5 dxe5 12. f5 0-0 13. g4 Rfd8 14. 0-0 Bf8 15. Qf3 Bg7 16. Rf2 Nb6 17. Qe2 Nxc4 18. Qxc4 Nxg4 19. fxg6 hxg6 20. Re2 Nxe3 21. Rxe3 Qb6 22. Qe2 Bh6 23. Ng2 Rd4 24. Rf1 Rad8 25. Qf2 Bxe3 26. Nxe3 Qc7 27. Ng4 Qe7 28. Qe3 Rd3 29. Qc1 Rd2 30. Nf6+ Kg7 31. Ncd5 R2xd5 32. exd5 cxd5 33. Qg5 Rd6 34. Nh5+ Kf8 35. Qh6+ Ke8 36. Nf6+ Kd8 37. Qh8+ Kc7 38. Ne8+ Kc6 39. Nxd6 1-0

[Event "ASEAN-ch U18 2nd"]
[Site "Kuala Lumpur"]
[Date "2001.??.??"]
[Round "9"]
[White "Lim, Chuin Hoong Ronnie"]
[Black "Sie, Thu"]
[Result "1-0"]
[WhiteElo "2249"]
[BlackElo "2262"]
[PlyCount "83"]
[EventDate "2001.12.??"]
[EventType "swiss"]
[EventRounds "9"]
[EventCountry "MAS"]
[SourceTitle "EXT 2003"]
[Source "ChessBase"]
[SourceDate "2002.11.25"]
[SourceVersion "1"]
[SourceVersionDate "2002.11.25"]
[SourceQuality "1"]

1. d4 Nf6 2. c4 d6 3. Nc3 e5 4. Nf3 exd4 5. Nxd4 g6 6. g3 Bg7 7. Bg2 0-0 8. 0-0 Nbd7 9. e4 a5 10. h3 Nc5 11. b3 Re8 12. Re1 h6 13. Rb1 Qe7 14. a3 Bd7 15. Bb2 Kh7 16. Qc2 c6 17. Rbd1 Rad8 18. Re2 Bc8 19. Bc1 Qf8 20. Kh2 Qh8 21. Be3 Re7 22. Red2 Rde8 23. f3 Ne6 24. Nde2 Nh5 25. f4 Nf8 26. Rxd6 Nd7 27. g4 Nhf6 28. e5 Nxe5 29. fxe5 Nxg4+ 30. hxg4 Bxe5+ 31. Bf4 Bxg4 32. Rf1 Bf5 33. Qd2 Bxd6 34. Bxd6 Re3 35. Rf3 R3e6 36. Ng3 Qf6 37. Nxf5 gxf5 38. c5 Rg8 39. Bh3 Rg5 40. Qf2 Kg6 41. Ne2 Re4 42. Rxf5 1-0